| 000 | 00313nam a2200133 i 4500 | ||
|---|---|---|---|
| 001 | bg | ||
| 245 | 0 | _aMetrology and properties of engineering surfaces. | |
| 260 |
_aLausanne : _bElsevier, _c1979. |
||
| 040 | _cBPK | ||
| 041 | _apol | ||
| 080 | _a531 | ||
| 942 | _cKS | ||
| 008 | s pl f |000 0 pol | ||
| 999 |
_c20441 _d20441 |
||
| 856 |
_uhttp://koha.tu.koszalin.pl/cgi-bin/koha/opac-detail.pl?biblionumber=20441 _yKatalog online BPK |
||